[Event "IPCA Wch 17th"]
[Site "Ruzomberok"]
[Date "2017.06.04"]
[Round "8"]
[White "Dornik, Jan"]
[Black "Krasivskaya, Viktoria"]
[Result "1-0"]
[WhiteElo "1743"]
[BlackElo "1503"]
[PlyCount "51"]
[EventDate "2017.05.28"]
[EventType "swiss"]
[EventRounds "9"]
[EventCountry "SVK"]
[SourceTitle "EXT 2018"]
[Source "ChessBase"]
[SourceDate "2017.10.13"]
[SourceVersion "1"]
[SourceVersionDate "2017.10.13"]
[SourceQuality "1"]

1. e4 c5 2. Nf3 Nc6 3. Bc4 Nf6 4. d3 e6 5. Bg5 d5 6. exd5 exd5 7. Qe2+ Qe7 8. Bxf6 Qxe2+ 9. Kxe2 dxc4 10. Bc3 cxd3+ 11. Kxd3 Bf5+ 12. Kd2 0-0-0+ 13. Kc1 f6 14. Nbd2 Bd6 15. g3 Rhe8 16. Re1 Rxe1+ 17. Nxe1 Re8 18. Kd1 b5 19. a3 b4 20. axb4 cxb4 21. Nc4 Bc5 22. Bd2 Bxf2 23. Nd6+ Kd7 24. Nxe8 Kxe8 25. Nd3 a5 26. Nxf2 1-0

[Event "IPCA Wch 17th"]
[Site "Ruzomberok"]
[Date "2017.05.31"]
[Round "4"]
[White "Chmelo, Dominik"]
[Black "Krasivskaya, Viktoria"]
[Result "0-1"]
[WhiteElo "1474"]
[BlackElo "1503"]
[PlyCount "94"]
[EventDate "2017.05.28"]
[EventType "swiss"]
[EventRounds "9"]
[EventCountry "SVK"]
[SourceTitle "EXT 2018"]
[Source "ChessBase"]
[SourceDate "2017.10.13"]
[SourceVersion "1"]
[SourceVersionDate "2017.10.13"]
[SourceQuality "1"]

1. d4 d5 2. c4 e6 3. Nc3 Nf6 4. cxd5 Nxd5 5. e4 Nb6 6. Nf3 Be7 7. Be2 0-0 8. 0-0 c6 9. a3 N8d7 10. Bf4 Nf6 11. b4 Bd7 12. Qb3 Ne8 13. Rfd1 Bd6 14. Bxd6 Nxd6 15. d5 cxd5 16. exd5 Qe7 17. dxe6 Bxe6 18. Qb2 Ndc4 19. Bxc4 Nxc4 20. Qe2 Qf6 21. Ne4 Qb2 22. Qxb2 Nxb2 23. Rdb1 Nc4 24. Rc1 b5 25. Ned2 Rac8 26. Nxc4 bxc4 27. Rc3 Rfd8 28. Rac1 f6 29. a4 Rd6 30. h3 Rcd8 31. Kh2 Rd1 32. a5 R8d3 33. Rxd1 Rxd1 34. b5 Bd5 35. b6 axb6 36. axb6 Rb1 37. Nd2 Rxb6 38. Nxc4 Rc6 39. Re3 Rxc4 40. Re2 Kf7 41. g3 Rc1 42. g4 Rh1+ 43. Kg3 Rg1+ 44. Kf4 g5+ 45. Ke3 Rh1 46. Rd2 Rxh3+ 47. Ke2 Bf3+ 0-1

[Event "IPCA Wch 17th"]
[Site "Ruzomberok"]
[Date "2017.05.28"]
[Round "1"]
[White "Krasivskaya, Viktoria"]
[Black "Jacko, Vladimir"]
[Result "0-1"]
[WhiteElo "1503"]
[BlackElo "2067"]
[PlyCount "58"]
[EventDate "2017.05.28"]
[EventType "swiss"]
[EventRounds "9"]
[EventCountry "SVK"]
[SourceTitle "EXT 2018"]
[Source "ChessBase"]
[SourceDate "2017.10.13"]
[SourceVersion "1"]
[SourceVersionDate "2017.10.13"]
[SourceQuality "1"]

1. e4 c5 2. Nf3 Nc6 3. d4 cxd4 4. Nxd4 g6 5. Nc3 Bg7 6. Be3 Nf6 7. f3 0-0 8. Qd2 d5 9. Nxc6 bxc6 10. exd5 cxd5 11. Bh6 Bxh6 12. Qxh6 Qb6 13. Rb1 Bf5 14. Bd3 Rac8 15. Qd2 Bxd3 16. Qxd3 Rfd8 17. Ne2 e5 18. c3 Rc6 19. h4 Re6 20. Qd2 h5 21. Kf1 Kg7 22. Ng3 d4 23. Ne4 Nxe4 24. fxe4 dxc3 25. Qxd8 Qxd8 26. bxc3 Qd3+ 27. Kf2 Rf6+ 28. Kg1 Qxb1+ 29. Kh2 Rf1 0-1

[Event "RUS IPCA-ch"]
[Site "Nalchik"]
[Date "2015.05.01"]
[Round "2"]
[White "Krasivskaya, Viktoria"]
[Black "Karpenko, Dmitrii"]
[Result "0-1"]
[WhiteElo "1407"]
[BlackElo "1819"]
[PlyCount "102"]
[EventDate "2015.04.30"]
[EventType "swiss"]
[EventRounds "9"]
[EventCountry "RUS"]
[SourceTitle "EXT 2018"]
[Source "ChessBase"]
[SourceDate "2017.10.13"]
[SourceVersion "1"]
[SourceVersionDate "2017.10.13"]
[SourceQuality "1"]

1. e4 e5 2. Nf3 Nc6 3. Nc3 Bc5 4. Nxe5 Nxe5 5. d4 Bd6 6. dxe5 Bxe5 7. Bc4 Nf6 8. Bg5 h6 9. Bh4 0-0 10. f3 c6 11. Rb1 Qc7 12. Bxf6 Bxf6 13. g3 b5 14. Bd3 Qb6 15. Qe2 Re8 16. f4 Bxc3+ 17. bxc3 d5 18. e5 f6 19. Kd2 fxe5 20. fxe5 Rf8 21. Rhf1 Bh3 22. Rf4 Rxf4 23. gxf4 Bd7 24. Qg2 Rf8 25. Rg1 g5 26. Rf1 b4 27. c4 Qd4 28. c5 Rxf4 29. Rxf4 Qxf4+ 30. Kd1 Qxe5 31. Qg3 Qxg3 32. hxg3 Kf7 33. Kd2 Kf6 34. c3 bxc3+ 35. Kxc3 Ke5 36. Bg6 d4+ 37. Kd3 Kd5 38. Be4+ Kxc5 39. a3 Be6 40. Bf3 Bc4+ 41. Kd2 Kd6 42. Be4 c5 43. Bf3 Ba6 44. Be4 c4 45. Bb1 c3+ 46. Kc2 Kc5 47. Ba2 Bc8 48. Bb3 Bf5+ 49. Kc1 d3 50. a4 Kb4 51. Bd1 d2# 0-1